Quaerens = Searchings = Paghahanap : (Record no. 13632)
[ view plain ]
| 000 -LEADER | |
|---|---|
| fixed length control field | 01056cam a22003137a 4500 |
| 001 - CONTROL NUMBER | |
| control field | 15195591 |
| 003 - CONTROL NUMBER IDENTIFIER | |
| control field | OSt |
| 005 - DATE AND TIME OF LATEST TRANSACTION | |
| control field | 20140310182448.0 |
| 008 - FIXED-LENGTH DATA ELEMENTS--GENERAL INFORMATION | |
| fixed length control field | 080227s2008 ph b 000 0 eng |
| 010 ## - LIBRARY OF CONGRESS CONTROL NUMBER | |
| LC control number | 2008313230 |
| 020 ## - INTERNATIONAL STANDARD BOOK NUMBER | |
| International Standard Book Number | 9789715064538 |
| 040 ## - CATALOGING SOURCE | |
| Original cataloging agency | DLC |
| Transcribing agency | DLC |
| Modifying agency | DLC |
| 041 0# - LANGUAGE CODE | |
| Language code of text/sound track or separate title | eng |
| -- | tgl |
| 042 ## - AUTHENTICATION CODE | |
| Authentication code | lcode |
| 050 ## - LIBRARY OF CONGRESS CALL NUMBER | |
| Classification number | PL 5536 |
| Item number | .Qu22 2008 |
| 110 ## - MAIN ENTRY--CORPORATE NAME | |
| Corporate name or jurisdiction name as entry element | University of Santo Tomas |
| 9 (RLIN) | 7878 |
| 245 00 - TITLE STATEMENT | |
| Title | Quaerens = Searchings = Paghahanap : |
| Remainder of title | Filipino essays in medieval studies / |
| Statement of responsibility, etc | edited by Jovino G. Miroy, Ma. Liza Ruth A. Ocampo. |
| 246 31 - VARYING FORM OF TITLE | |
| Title proper/short title | Searchings |
| 246 31 - VARYING FORM OF TITLE | |
| Title proper/short title | Paghahanap |
| 260 ## - PUBLICATION, DISTRIBUTION, ETC. (IMPRINT) | |
| Place of publication, distribution, etc | España, Manila : |
| Name of publisher, distributor, etc | University of Santo Tomas Publising House, |
| Date of publication, distribution, etc | c2008. |
| 300 ## - PHYSICAL DESCRIPTION | |
| Extent | xx, 205 p. ; |
| Dimensions | 26 cm. |
| 504 ## - BIBLIOGRAPHY, ETC. NOTE | |
| Bibliography, etc | Includes bibliographical references. |
| 541 ## - IMMEDIATE SOURCE OF ACQUISITION NOTE | |
| -- | 1 |
| 562 ## - COPY AND VERSION IDENTIFICATION NOTE | |
| Number of copies | For circulation. 1 copy available in the collection |
| 650 ## - SUBJECT ADDED ENTRY--TOPICAL TERM | |
| Topical term or geographic name as entry element | Philippine essays (English) -- Collections. |
| 9 (RLIN) | 8966 |
| 650 ## - SUBJECT ADDED ENTRY--TOPICAL TERM | |
| Topical term or geographic name as entry element | Medievalism -- Philippines. |
| 9 (RLIN) | 8967 |
| 710 ## - ADDED ENTRY--CORPORATE NAME | |
| Corporate name or jurisdiction name as entry element | University of Santo Tomas |
| 9 (RLIN) | 7877 |
| 942 ## - ADDED ENTRY ELEMENTS (KOHA) | |
| Source of classification or shelving scheme | Library of Congress Classification |
| Koha item type | |
| Withdrawn status | Lost status | Source of classification or shelving scheme | Damaged status | Home library | Current library | Shelving location | Date acquired | Total Checkouts | Full call number | Barcode | Date last seen | Copy number | Price effective from | Koha item type |
|---|---|---|---|---|---|---|---|---|---|---|---|---|---|---|
| Library of Congress Classification | South SEED-LPDH College Library | South SEED-LPDH College Library | South SEED-LPDH College Section | 08/05/2013 | PL 5536 .Qu22 2008 | SSLC0790 | 05/15/2018 | 1 | 08/05/2013 | Books |